000 00652cam a2200265 i 4500
001 0000566
003 DO-SdBNP
005 20180206111422.0
007 0000566
008 100514s 1977 sp a 000 f spa
015 _a
017 _a
_b
020 _a8424302230
035 _a
040 _aBPMSU
_bspa
_cBPMSU
_e
080 _a
100 1 _aVerne, Julio
_d1828-1905
245 1 3 _aUn capitán de quince años /
_h
_cJulio Verne
260 _aMadrid :
_bFher,
_c1977.
300 _a112 p.:
_bil.
_c25 m
500 _aLibro de pasta dura.
942 _2ddc
_cBK
945 _ainventariado, 2018 / dg
956 _aYLOCKWARD
_810
_cBPMSU
999 _c11012
_d11012